Missing Word: Chris Rock Quiz Stats

 Plays Quiz Updated Nov 21, 2016

Challenge
Share
Tweet
Embed
Score 0/16 Timer 03:00
0 Plays Today
Film Missing Word % Correct
Lethal _____ 4Weapon
97.3%
Beverly _____ NinjaHills
96.9%
_____ Dolittle*Doctor
96.9%
What to _____ When You're ExpectingExpect
87.5%
The _____ YardLongest
87.1%
_____: Artificial Intelligence*AI
84.9%
Grown _____Ups
83.8%
I Think I _____ My WifeLove
79%
Film Missing Word % Correct
_____ at a FuneralDeath
72.1%
You Don't Mess With the _____Zohan
70.2%
_____ 3: Europe's Most Wanted*Madagascar
65.8%
Down to _____Earth
64%
Osmosis _____*Jones
62%
_____ of StateHead
43%
2 _____ in New YorkDays
22.3%
Top _____Five
11.4%

Today's Daily Dose

You're not logged in!

Compare scores with friends on all Sporcle quizzes.
OR
Log In

You Might Also Like...

Show Comments

Extras

Top Quizzes Today


Score Distribution

Your Account Isn't Verified!

In order to create a playlist on Sporcle, you need to verify the email address you used during registration. Go to your Sporcle Settings to finish the process.

Report this User

Report this user for behavior that violates our Community Guidelines.

Details: